Normal view
MARC view
- الزعبي،محمد بلال/م مشارك احمد الشرايعة
Entry Personal Name
001 - CONTROL NUMBER
- control field: 32941
003 - CONTROL NUMBER IDENTIFIER
- control field: JO-AjAnu
005 - DATE AND TIME OF LATEST TRANSACTION
- control field: 20230606075530.0
008 - FIXED-LENGTH DATA ELEMENTS
- fixed length control field: 230606|| aca||aabn | a|a d
040 ## - CATALOGING SOURCE
- Original cataloging agency: JO-AjAnu
- Transcribing agency: JO-AjAnu
100 ## - HEADING--PERSONAL NAME
- Personal name: الزعبي،محمد بلال/م مشارك احمد الشرايعة
670 ## - SOURCE DATA FOUND
- Source citation: Work cat.: (JO-AjAnu)16924: الزعبي،محمد بلال/م مشارك احمد الشرايعة , author, الحاسوب والبرمجيات الجاهزة مهارات الحاسوب=computer Skill